Rival Sons Songs - Statistics

General Stats
  • This quiz has been taken 157 times
  • The average score is 53 of 71
Answer Stats
Answer % Correct
Pressure and Time
99%
Keep On Swinging
96%
Electric Man
94%
Hollow Bones Pt.1
91%
Hollow Bones Pt.2
91%
Do Your Worst
90%
Feral Roots
90%
Too Bad
90%
Memphis Sun
88%
Jordan
87%
Shooting Stars
87%
Back in the Woods
84%
Black Coffee
84%
Open My Eyes
84%
Manifest Destiny Pt. 1
82%
Manifest Destiny Pt. 2
82%
All Over the Road
81%
End of Forever
81%
Tied Up
81%
Good Things
79%
Sugar on the Bone
78%
Thundering Voices
78%
Look Away
76%
Torture
76%
True
76%
Baby Boy
75%
Good Luck
75%
Nava
75%
Secret
75%
Tell Me Something
75%
Angel
73%
Face of Light
73%
Gypsy Heart
73%
Soul
73%
Stood by Me
73%
Until the Sun Comes
73%
White Noise
73%
Belle Star
72%
Burn Down Los Angeles
72%
Fade Out
72%
Imperial Joy
72%
Radio
72%
Rich and the Poor
72%
Save Me
72%
Sleepwalker
72%
Where I've Been
72%
All Directions
70%
Destination on Course
70%
Lucky Girl
70%
On My Way
70%
Young Love
70%
Flames of Lanka
69%
Only One
69%
Pretty Face
69%
Wild Animal
69%
All That I Want
67%
All the Way
67%
Get What's Coming
67%
Nanda-Nandana
67%
Pocketful of Stones
67%
Run From Revelation
67%
The Heist
67%
You Want To
67%
Get Mine
66%
Play the Fool
66%
Pleasant Return
66%
I Want More
64%
Sacred Tongue
64%
The Man Who Wasn't There
64%
Three Fingers
64%
Company Man
63%
No matching quizzes found
Score Distribution
Percent of People with Each Score
Percentile by Number Answered
Your Score History
You have not taken this quiz